| 000 | 00661cam a22002171 4500 | ||
|---|---|---|---|
| 001 | ca 36001495 | ||
| 003 | DLC | ||
| 005 | 20260227111144.0 | ||
| 008 | 790625s1932 ohu 000 0 eng | ||
| 010 | _aca 36001495 | ||
| 035 | _a(OCoLC)5107321 | ||
| 040 |
_aDLC _cOCl _dDLC |
||
| 042 | _apremarc | ||
| 050 | 0 | 0 |
_aPS3515.U2735 _bP8 1932 |
| 082 | _a812.5 | ||
| 100 | 1 |
_aHughes, Glenn, _d1894-1964. |
|
| 245 | 1 | 4 |
_aThe purple cottage, _ba polite comedy in one act, 3 m. 1 w., _cby Glenn Hughes. |
| 260 |
_aFranklin, O[hio], _aDenver, Colo., _bEldridge entertainment house, inc., _cc1932. |
||
| 300 |
_a19 p. _c19 cm. |
||
| 490 | 0 | _aEldridge popular one act plays | |
| 999 |
_c18308 _d18308 |
||